[Event "DEM U10 2019"]
[Site "Willingen GER"]
[Date "2019.06.09"]
[Round "2"]
[White "Arora, Abhiraaj"]
[Black "Meng, Yuxuan"]
[Result "1/2-1/2"]
[Termination "normal"]
[Board "8"]
[WhiteElo "1454"]
[BlackElo "1288"]
[WhiteClock "00:15:01"]
[BlackClock "00:08:19"]
[PlyCount "122"]
[WhiteFideId "25611054"]
[BlackFideId "16258231"]
[EventCountry "GER"]
[EventRounds "11"]
[EventType "swiss"]
[EventDate "2019.06.08"]

1. e4 {[%clk 1:16:29]} 1... c5 {[%clk 1:16:17]} 2. Nf3 {[%clk 1:16:42]} 2... e6
{[%clk 1:16:42]} 3. d4 {[%clk 1:16:57]} 3... cxd4 {[%clk 1:17:08]} 4. Nxd4 {
[%clk 1:17:08]} 4... Nf6 {[%clk 1:17:31]} 5. Nc3 {[%clk 1:17:32]} 5... Nc6 {
[%clk 1:17:57]} 6. Ndb5 {[%clk 1:15:23]} 6... Bb4 {[%clk 1:17:46]} 7. a3 {
[%clk 1:11:17]} 7... Bxc3+ {[%clk 1:18:00]} 8. Nxc3 {[%clk 1:10:54]} 8... d5 {
[%clk 1:16:34]} 9. exd5 {[%clk 1:10:34]} 9... exd5 {[%clk 1:16:17]} 10. Bg5 {
[%clk 1:08:54]} 10... d4 {[%clk 1:14:17]} 11. Nb5 {[%clk 1:08:05]} 11... O-O {
[%clk 1:11:32]} 12. Be2 {[%clk 1:06:00]} 12... a6 {[%clk 1:10:39]} 13. Bxf6 {
[%clk 1:04:55]} 13... gxf6 {[%clk 1:10:39]} 14. Qd2 {[%clk 1:02:42]} 14... axb5
{[%clk 1:10:40]} 15. Bxb5 {[%clk 1:00:47]} 15... Re8+ {[%clk 1:10:32]} 16. Be2
{[%clk 1:01:10]} 16... Bf5 {[%clk 1:10:50]} 17. O-O-O {[%clk 0:59:31]} 17...
Kh8 {[%clk 1:09:38]} 18. g4 {[%clk 0:58:44]} 18... Be6 {[%clk 1:07:09]} 19. Qh6
{[%clk 0:55:24]} 19... Bd5 {[%clk 1:05:00]} 20. Rhe1 {[%clk 0:54:35]} 20...
Rxe2 {[%clk 1:03:21]} 21. Rxe2 {[%clk 0:54:32]} 21... Bf3 {[%clk 1:03:46]} 22.
Red2 {[%clk 0:52:32]} 22... Bxd1 {[%clk 1:03:54]} 23. Rxd1 {[%clk 0:51:24]}
23... Qe7 {[%clk 0:59:08]} 24. h4 {[%clk 0:48:26]} 24... Rg8 {[%clk 0:56:24]}
25. Rg1 {[%clk 0:48:06]} 25... f5 {[%clk 0:54:14]} 26. g5 {[%clk 0:42:44]}
26... Qe5 {[%clk 0:49:21]} 27. Kb1 {[%clk 0:41:01]} 27... Qg7 {[%clk 0:39:24]}
28. Qh5 {[%clk 0:39:06]} 28... Qg6 {[%clk 0:36:23]} 29. Qf3 {[%clk 0:38:26]}
29... f6 {[%clk 0:35:17]} 30. h5 {[%clk 0:37:43]} 30... Qg7 {[%clk 0:32:26]}
31. g6 {[%clk 0:35:30]} 31... Qd7 {[%clk 0:28:14]} 32. Qf4 {[%clk 0:30:20]}
32... hxg6 {[%clk 0:17:39]} 33. hxg6 {[%clk 0:29:10]} 33... Kg7 {[%clk 0:17:49]
} 34. Rh1 {[%clk 0:22:19]} 34... Rh8 {[%clk 0:17:33]} 35. Rxh8 {[%clk 0:21:21]}
35... Kxh8 {[%clk 0:17:53]} 36. Qh4+ {[%clk 0:21:43]} 36... Kg8 {[%clk 0:16:50]
} 37. Qxf6 {[%clk 0:21:33]} 37... d3 {[%clk 0:11:47]} 38. cxd3 {[%clk 0:18:20]}
38... Qxd3+ {[%clk 0:12:11]} 39. Ka1 {[%clk 0:18:10]} 39... Qd1+ { [%clk
0:11:06]} 40. Ka2 {[%clk 0:18:27]} 40... Qd5+ {[%clk 0:10:12]} 41. Kb1 { [%clk
0:18:32]} 41... Qd7 {[%clk 0:08:46]} 42. Ka2 {[%clk 0:17:39]} 42... Na5 { [%clk
0:08:12]} 43. g7 {[%clk 0:15:57]} 43... Qf7+ {[%clk 0:07:43]} 44. Qxf7+ { [%clk
0:15:49]} 44... Kxf7 {[%clk 0:08:07]} 45. b4 {[%clk 0:15:51]} 45... Nc6 { [%clk
0:07:54]} 46. b5 {[%clk 0:16:11]} 46... Na7 {[%clk 0:08:18]} 47. a4 { [%clk
0:16:21]} 47... Kxg7 {[%clk 0:08:43]} 48. Kb3 {[%clk 0:16:05]} 48... b6 { [%clk
0:08:19]} 49. Kc4 {[%clk 0:15:01]} 49... Kg6 50. Kd5 Kg5 51. a5 Nc8 52. axb6
Nxb6+ 53. Ke5 Kg4 54. f3+ Kg5 55. Ke6 Kf4 56. Kf6 Kxf3 57. Kxf5 Ke3 58. Ke5 Kd3
59. Kd6 Kc4 60. Kc6 Na4 61. b6 Nxb6 1/2-1/2

[Event "DEM U10 2019"]
[Site "Willingen GER"]
[Date "2019.06.09"]
[Round "2"]
[White "Dorendorf, Mika"]
[Black "Huber, Benedikt Thomas"]
[Result "1-0"]
[Termination "normal"]
[Board "9"]
[WhiteElo "1398"]
[BlackElo "1441"]
[WhiteClock "00:15:08"]
[BlackClock "00:11:19"]
[PlyCount "157"]
[WhiteFideId "16283066"]
[BlackFideId "16281225"]
[EventCountry "GER"]
[EventRounds "11"]
[EventType "swiss"]
[EventDate "2019.06.08"]

1. c4 {[%clk 1:15:58]} 1... e5 {[%clk 1:15:55]} 2. Nc3 {[%clk 1:16:19]} 2... c6
{[%clk 1:16:16]} 3. Nf3 {[%clk 1:16:10]} 3... d6 {[%clk 1:16:01]} 4. g3 { [%clk
1:16:09]} 4... Nf6 {[%clk 1:16:01]} 5. Bg2 {[%clk 1:15:04]} 5... Be6 { [%clk
1:16:02]} 6. d3 {[%clk 1:14:16]} 6... Nbd7 {[%clk 1:15:21]} 7. O-O { [%clk
1:12:32]} 7... Be7 {[%clk 1:14:56]} 8. a3 {[%clk 1:12:33]} 8... h6 { [%clk
1:14:51]} 9. Qc2 {[%clk 1:12:15]} 9... d5 {[%clk 1:14:41]} 10. cxd5 { [%clk
1:10:45]} 10... cxd5 {[%clk 1:15:03]} 11. e3 {[%clk 1:09:47]} 11... O-O { [%clk
1:15:00]} 12. b4 {[%clk 1:08:33]} 12... Rc8 {[%clk 1:15:12]} 13. Bb2 { [%clk
1:08:21]} 13... Bg4 {[%clk 1:11:50]} 14. Qd2 {[%clk 1:07:54]} 14... Qb6 { [%clk
1:04:48]} 15. d4 {[%clk 1:03:19]} 15... Bxf3 {[%clk 1:03:18]} 16. Bxf3 { [%clk
1:03:23]} 16... e4 {[%clk 1:03:33]} 17. Bg2 {[%clk 1:03:15]} 17... Qe6 { [%clk
1:02:52]} 18. Ne2 {[%clk 1:02:34]} 18... Nh5 {[%clk 0:59:16]} 19. Nc3 { [%clk
0:54:25]} 19... Nb6 {[%clk 0:58:50]} 20. Rac1 {[%clk 0:53:29]} 20... Nc4 {[%clk
0:58:48]} 21. Qe2 {[%clk 0:53:35]} 21... Nf6 {[%clk 0:58:04]} 22. Na4 { [%clk
0:53:22]} 22... b6 {[%clk 0:57:24]} 23. Rc3 {[%clk 0:51:07]} 23... Qd7 { [%clk
0:56:20]} 24. Qc2 {[%clk 0:50:55]} 24... Rc7 {[%clk 0:53:23]} 25. Bc1 { [%clk
0:50:16]} 25... Rfc8 {[%clk 0:52:05]} 26. Qb3 {[%clk 0:49:12]} 26... Ne8 {[%clk
0:47:30]} 27. Nb2 {[%clk 0:47:25]} 27... Nxb2 {[%clk 0:47:07]} 28. Bxb2 {[%clk
0:47:28]} 28... Rxc3 {[%clk 0:45:02]} 29. Bxc3 {[%clk 0:47:41]} 29... Qe6
{[%clk 0:44:53]} 30. Rc1 {[%clk 0:43:16]} 30... Nd6 {[%clk 0:44:38]} 31. Bb2
{[%clk 0:41:45]} 31... Nc4 {[%clk 0:44:11]} 32. Rc3 {[%clk 0:38:53]} 32... Kh7
{[%clk 0:40:48]} 33. h4 {[%clk 0:36:24]} 33... Qf5 {[%clk 0:37:54]} 34. Qc2
{[%clk 0:35:41]} 34... Bd8 {[%clk 0:35:47]} 35. Bc1 {[%clk 0:33:28]} 35... Qd7
{[%clk 0:34:00]} 36. Bxe4+ {[%clk 0:31:57]} 36... g6 {[%clk 0:32:41]} 37. Bg2 {
[%clk 0:31:20]} 37... Rc7 {[%clk 0:30:53]} 38. e4 {[%clk 0:29:50]} 38... Qe6 {
[%clk 0:27:48]} 39. Kh2 {[%clk 0:27:15]} 39... dxe4 {[%clk 0:25:07]} 40. Bxe4 {
[%clk 0:24:46]} 40... b5 {[%clk 0:22:47]} 41. d5 {[%clk 0:24:26]} 41... Qf6 {
[%clk 0:21:48]} 42. Rf3 {[%clk 0:21:45]} 42... Qe7 {[%clk 0:20:21]} 43. h5 {
[%clk 0:19:43]} 43... Ne5 {[%clk 0:19:32]} 44. hxg6+ {[%clk 0:18:29]} 44... Kg7
{[%clk 0:18:45]} 45. Qb2 {[%clk 0:18:19]} 45... fxg6 {[%clk 0:16:57]} 46. Bf4 {
[%clk 0:17:34]} 46... Rc4 {[%clk 0:13:23]} 47. Qxe5+ {[%clk 0:17:30]} 47... Kh7
{[%clk 0:12:26]} 48. Qxe7+ {[%clk 0:17:12]} 48... Bxe7 {[%clk 0:12:50]} 49. Bd3
{[%clk 0:16:55]} 49... Rd4 {[%clk 0:12:31]} 50. Re3 {[%clk 0:16:54]} 50... Bf8
{[%clk 0:11:12]} 51. Be4 {[%clk 0:16:11]} 51... Rd2 {[%clk 0:10:59]} 52. Rf3 {
[%clk 0:14:41]} 52... Rd4 {[%clk 0:11:08]} 53. Re3 {[%clk 0:14:46]} 53... Rd2 {
[%clk 0:11:19]} 54. Kg2 {[%clk 0:15:08]} 54... Rd4 55. f3 Rd2+ 56. Kh3 Rd1 57.
Rd3 Rh1+ 58. Kg2 Re1 59. d6 Bxd6 60. Rxd6 Re2+ 61. Kf1 Ra2 62. Bxg6+ Kg7 63.
Bxh6+ Kxh6 64. Bb1+ Kg5 65. Bxa2 Kf5 66. g4+ Ke5 67. g5 Kxd6 68. g6 a5 69. g7
axb4 70. g8=Q bxa3 71. Qf8+ Ke5 72. f4+ Kd4 73. Qd6+ Kc3 74. Ke2 b4 75. Qd3+
Kb2 76. Qd2+ Ka1 77. Bb3 Kb1 78. Qc2+ Ka1 79. Qc1# 1-0

[Event "DEM U10 2019"]
[Site "Willingen GER"]
[Date "2019.06.09"]
[Round "2"]
[White "Freude, Paul"]
[Black "Jumah, Shayan"]
[Result "1-0"]
[Termination "normal"]
[Board "10"]
[WhiteElo "1713"]
[BlackElo "1295"]
[PlyCount "99"]
[WhiteFideId "16280717"]
[BlackFideId "16281888"]
[EventCountry "GER"]
[EventRounds "11"]
[EventType "swiss"]
[EventDate "2019.06.08"]

1. e4 e6 2. d4 d5 3. Nd2 dxe4 4. Nxe4 Nd7 5. Nf3 Ngf6 6. Ng3 Be7 7. Be2 Nf8 8.
O-O Ng6 9. Ne5 O-O 10. Nxg6 fxg6 11. Re1 Bd7 12. Bc4 Nd5 13. Qe2 Bg5 14. Bxg5
Qxg5 15. Ne4 Qe7 16. Nc5 Rf6 17. Bxd5 Re8 18. Nxd7 Qxd7 19. Qe4 a5 20. Bxb7 Qd6
21. Qc6 Qe7 22. Qc5 Qf7 23. Bf3 Rf5 24. Qc3 h5 25. Re5 Rf6 26. Rae1 h4 27. d5
h3 28. dxe6 Rexe6 29. Rxe6 Rxe6 30. Rxe6 Qxe6 31. Qb3 Qxb3 32. axb3 hxg2 33.
Kxg2 Kf7 34. Kg3 Ke6 35. Kf4 Kd6 36. Kg5 Ke5 37. Kxg6 Kf4 38. Bg2 Ke5 39. Kxg7
c5 40. h4 Kd4 41. h5 c4 42. bxc4 Kxc4 43. h6 a4 44. h7 Kb4 45. h8=Q a3 46. Qb8+
Kc4 47. Qc7+ Kb4 48. bxa3+ Kb5 49. Bf1+ Ka4 50. Qa7# 1-0

[Event "DEM U10 2019"]
[Site "Willingen GER"]
[Date "2019.06.09"]
[Round "2"]
[White "Ermitsch, Magnus"]
[Black "Brügmann, Nick"]
[Result "1-0"]
[Termination "normal"]
[Board "11"]
[WhiteElo "1843"]
[BlackElo "1415"]
[PlyCount "57"]
[WhiteFideId "16234464"]
[BlackFideId "16287126"]
[EventCountry "GER"]
[EventRounds "11"]
[EventType "swiss"]
[EventDate "2019.06.08"]

1. e4 c5 2. Nf3 e6 3. d4 cxd4 4. Nxd4 Nf6 5. Nc3 Nc6 6. Be3 Bb4 7. Bd3 O-O 8.
O-O d5 9. exd5 Nxd5 10. Nxd5 Qxd5 11. c3 Be7 12. Qc2 g6 13. Be4 Nxd4 14. Bxd4
Qb5 15. a4 Qa5 16. b4 Qc7 17. f4 Rd8 18. Qf2 Qc4 19. a5 a6 20. Kh1 Bf8 21. Qh4
Re8 22. Qf6 e5 23. Bxe5 Rxe5 24. Qxe5 Bg7 25. Qe8+ Bf8 26. Rfd1 Qxc3 27. Rac1
Qxb4 28. Rc7 Qb3 29. Rd8 1-0

[Event "DEM U10 2019"]
[Site "Willingen GER"]
[Date "2019.06.09"]
[Round "2"]
[White "Sommer, Justus"]
[Black "Chugunov, Ivan"]
[Result "1-0"]
[Termination "normal"]
[Board "12"]
[WhiteElo "1684"]
[BlackElo "1310"]
[PlyCount "123"]
[WhiteFideId "16245008"]
[BlackFideId "16256808"]
[EventCountry "GER"]
[EventRounds "11"]
[EventType "swiss"]
[EventDate "2019.06.08"]

1. e4 c6 2. d4 d5 3. exd5 cxd5 4. Bd3 Nf6 5. Bf4 Nc6 6. c3 Bg4 7. Qb3 Qc8 8.
Nd2 e6 9. Ngf3 Be7 10. O-O O-O 11. Rae1 a6 12. a4 Ne8 13. Qc2 Nf6 14. Ne5 Bh5
15. Ndf3 Bg6 16. Nxg6 hxg6 17. Re2 Ne8 18. Rfe1 Nd6 19. Ne5 b5 20. Nf3 b4 21.
Bxd6 Bxd6 22. Rc1 bxc3 23. Qxc3 Ne7 24. Qd2 Qb7 25. g3 Rfc8 26. Qd1 Rxc1 27.
Qxc1 Rc8 28. Rc2 Rxc2 29. Qxc2 Nf5 30. Bxf5 gxf5 31. Kg2 Kf8 32. Ng5 Ke7 33. f4
f6 34. Nf3 Kd7 35. b3 Qc6 36. Qd3 Kc7 37. Qd2 Kb6 38. Ne1 Be7 39. Nd3 Ka7 40.
Kh3 Qb6 41. Qc3 Bd8 42. b4 Kb7 43. Nc5+ Ka7 44. Qe1 Be7 45. a5 Qb5 46. Qxe6
Bxc5 47. dxc5 Qd3 48. Qd7+ Ka8 49. Qc6+ Kb8 50. Qb6+ Kc8 51. c6 Qf1+ 52. Kh4
g5+ 53. Kh5 Qe2+ 54. Kh6 Qb5 55. Qxb5 axb5 56. a6 Kb8 57. fxg5 fxg5 58. Kxg5 d4
59. Kf4 d3 60. Ke3 f4+ 61. gxf4 d2 62. Kxd2 1-0

[Event "DEM U10 2019"]
[Site "Willingen GER"]
[Date "2019.06.09"]
[Round "2"]
[White "Herrmann, Arthur"]
[Black "Klaska, Philipp Leon"]
[Result "0-1"]
[Termination "normal"]
[Board "13"]
[WhiteElo "1233"]
[BlackElo "1444"]
[PlyCount "112"]
[WhiteFideId "16287150"]
[BlackFideId "16238044"]
[EventCountry "GER"]
[EventRounds "11"]
[EventType "swiss"]
[EventDate "2019.06.08"]

1. e4 d6 2. d4 Nf6 3. Nc3 g6 4. Nf3 Bg7 5. Bc4 O-O 6. h3 c6 7. O-O b5 8. Bd3 b4
9. Ne2 Nbd7 10. Be3 e5 11. dxe5 dxe5 12. Qd2 c5 13. c3 a5 14. Qc2 Bb7 15. Nd2
Qc7 16. cxb4 axb4 17. Rfc1 Rfc8 18. Nb3 Bf8 19. f3 Ba6 20. Bxa6 Rxa6 21. Rd1 c4
22. Nd2 Bc5 23. Bxc5 Qxc5+ 24. Kh1 Rac6 25. Rac1 Qb5 26. f4 c3 27. Nb3 cxb2 28.
Qxb2 Nxe4 29. Rxc6 Qxc6 30. Kg1 exf4 31. Nxf4 Ndf6 32. Rc1 Qb6+ 33. Kh2 Rc3 34.
Ne2 Qc7+ 35. Kg1 Rxc1+ 36. Qxc1 Qxc1+ 37. Nexc1 Nd5 38. Kf1 Ndc3 39. g4 f6 40.
Kg2 Kf7 41. Kf3 Ng5+ 42. Kg3 Ke6 43. h4 Nge4+ 44. Kf3 Kd5 45. Ke3 Nc5 46. Nxc5
Kxc5 47. Nb3+ Kc4 48. Nd2+ Kd5 49. Nb3 Nxa2 50. Kd3 Nc3 51. Nd2 Nd1 52. Kc2
Ne3+ 53. Kb3 Nxg4 54. Kxb4 h5 55. Kc3 Ke5 56. Kd3 Kf4 0-1

[Event "DEM U10 2019"]
[Site "Willingen GER"]
[Date "2019.06.09"]
[Round "2"]
[White "Torosyan, Bagrat"]
[Black "Möller, Tom"]
[Result "0-1"]
[Termination "normal"]
[Board "14"]
[WhiteElo "1444"]
[BlackElo "1229"]
[PlyCount "86"]
[WhiteFideId "16258134"]
[BlackFideId "16287215"]
[EventCountry "GER"]
[EventRounds "11"]
[EventType "swiss"]
[EventDate "2019.06.08"]

1. e4 e5 2. Nf3 Nc6 3. Bb5 Nf6 4. O-O Nxe4 5. d4 Nd6 6. Bxc6 dxc6 7. dxe5 Nf5
8. Qxd8+ Kxd8 9. Bg5+ Be7 10. Bxe7+ Kxe7 11. Nc3 Be6 12. Rad1 Rad8 13. Ng5 h6
14. Nxe6 Kxe6 15. f4 Ne3 16. Rxd8 Rxd8 17. Rf2 Nd5 18. Rd2 Rd7 19. Na4 b6 20.
f5+ Kxe5 21. c4 Nf6 22. Rxd7 Nxd7 23. g4 Kf4 24. h3 Kg3 25. Nc3 Kxh3 26. Ne2
Kxg4 27. Nd4 Ne5 28. b3 Nf3+ 29. Nxf3 Kxf3 30. b4 Kf4 31. a4 Kxf5 32. b5 c5 33.
Kg2 g5 34. Kf3 h5 35. Kg3 h4+ 36. Kf3 g4+ 37. Kg2 Kf4 38. Kh2 h3 39. Kh1 g3 40.
Kg1 Kf3 41. a5 bxa5 42. Kh1 Kf2 43. b6 g2+ 0-1

[Event "DEM U10 2019"]
[Site "Willingen GER"]
[Date "2019.06.09"]
[Round "2"]
[White "Detjen, Mattes"]
[Black "Burkart, Lloyd Shang"]
[Result "0-1"]
[Termination "normal"]
[Board "15"]
[WhiteElo "1296"]
[BlackElo "1411"]
[PlyCount "58"]
[WhiteFideId "16235690"]
[BlackFideId "16239059"]
[EventCountry "GER"]
[EventRounds "11"]
[EventType "swiss"]
[EventDate "2019.06.08"]

1. e4 c5 2. c3 d5 3. exd5 Qxd5 4. d4 e6 5. Nf3 Nf6 6. Be3 cxd4 7. Bxd4 Be7 8.
Be2 Nc6 9. O-O O-O 10. Nbd2 Nxd4 11. Nxd4 a6 12. Bc4 Qd7 13. Re1 Nd5 14. Qh5 b5
15. Bd3 Nf6 16. Qf3 Bb7 17. Qg3 Bd6 18. Qh4 h6 19. f3 Bc5 20. Kh1 Rfd8 21. N2b3
Bc6 22. Be2 Rac8 23. Rad1 Qe8 24. Qg3 a5 25. Nf5 Nh5 26. Qg4 Rxd1 27. Bxd1 exf5
28. Rxe8+ Rxe8 29. Qxh5 Re1# 0-1

[Event "DEM U10 2019"]
[Site "Willingen GER"]
[Date "2019.06.09"]
[Round "2"]
[White "Jahnz, Laurin"]
[Black "Barthel, Jacob"]
[Result "1-0"]
[Termination "normal"]
[Board "16"]
[WhiteElo "1497"]
[BlackElo "1150"]
[PlyCount "85"]
[WhiteFideId "16261089"]
[BlackFideId "16273346"]
[EventCountry "GER"]
[EventRounds "11"]
[EventType "swiss"]
[EventDate "2019.06.08"]

1. e4 e5 2. Nf3 Nc6 3. Bc4 Bc5 4. c3 Nf6 5. d3 d6 6. Nbd2 Be6 7. Bxe6 fxe6 8.
Qb3 Qd7 9. Nc4 Rb8 10. O-O b5 11. Ne3 O-O 12. Qc2 d5 13. exd5 exd5 14. Nxe5
Nxe5 15. d4 Nf3+ 16. gxf3 Bd6 17. Qf5 Qe7 18. Nxd5 Nxd5 19. Qxd5+ Kh8 20. Qe4
Rbe8 21. Qxe7 Rxe7 22. Bg5 Ref7 23. Bh4 Rxf3 24. Bg3 Bxg3 25. fxg3 Rxf1+ 26.
Rxf1 Re8 27. Rf7 h6 28. Kf1 Kg8 29. Rxc7 Rf8+ 30. Kg2 Re8 31. Kf2 Rf8+ 32. Ke2
Re8+ 33. Kd3 Rf8 34. d5 Rf2 35. d6 Kf8 36. Rc8+ Kf7 37. d7 b4 38. d8=Q bxc3 39.
Qf8+ Kg6 40. Qxf2 a5 41. Rc6+ Kh7 42. Qf5+ g6 43. Qxg6+ 1-0

[Event "DEM U10 2019"]
[Site "Willingen GER"]
[Date "2019.06.09"]
[Round "2"]
[White "Zobel, Christian"]
[Black "Birkenheier, Nicolas"]
[Result "0-1"]
[Termination "normal"]
[Board "17"]
[WhiteElo "1404"]
[BlackElo "1160"]
[PlyCount "36"]
[WhiteFideId "16259068"]
[BlackFideId "16287100"]
[EventCountry "GER"]
[EventRounds "11"]
[EventType "swiss"]
[EventDate "2019.06.08"]

1. e4 e5 2. Nf3 Nc6 3. d4 exd4 4. Nxd4 Bc5 5. Be3 Qf6 6. c3 Nge7 7. Bc4 O-O 8.
O-O Qg6 9. Nd2 d6 10. Kh1 Ne5 11. Be2 Ng4 12. Bf4 Re8 13. f3 Nf6 14. N2b3 Bb6
15. Bd3 Nh5 16. e5 Bf5 17. Nxf5 Nxf5 18. Qd2 Nhg3+ 0-1

[Event "DEM U10 2019"]
[Site "Willingen GER"]
[Date "2019.06.09"]
[Round "2"]
[White "Ruddat, Jarne"]
[Black "Shkundin, Maximilian"]
[Result "1-0"]
[Termination "normal"]
[Board "18"]
[WhiteElo "1350"]
[BlackElo "1224"]
[PlyCount "93"]
[WhiteFideId "16254236"]
[BlackFideId "16287258"]
[EventCountry "GER"]
[EventRounds "11"]
[EventType "swiss"]
[EventDate "2019.06.08"]

1. e4 c5 2. Nc3 Nc6 3. f4 e6 4. Nf3 Be7 5. Bb5 Nf6 6. e5 Nd5 7. Bxc6 bxc6 8. d3
O-O 9. O-O Qb6 10. Kh1 Ba6 11. Ne4 f5 12. exf6 Bxf6 13. c4 Nb4 14. Be3 Be7 15.
a3 d5 16. Nxc5 Bxc5 17. Bxc5 Qxc5 18. axb4 Qb6 19. Ne5 Bc8 20. Qd2 c5 21. bxc5
Qxc5 22. Ra5 Qd6 23. Rc1 dxc4 24. Rxc4 Bb7 25. Qb4 Qd8 26. Rd4 Qc7 27. Rc5 Qxc5
28. Qxc5 Rac8 29. Qxf8+ Kxf8 30. h3 Bd5 31. Nc4 Bxc4 32. dxc4 Ke7 33. Kg1 Kf6
34. Kf2 Rb8 35. Rd2 Rb4 36. Rc2 Ke7 37. Ke3 Kd6 38. Ke4 Kc5 39. Ke5 Rxc4 40.
Rxc4+ Kxc4 41. Kxe6 a5 42. Kf7 g6 43. Kg7 Kd4 44. Kxh7 Ke4 45. Kxg6 Kxf4 46. h4
Ke3 47. h5 1-0

[Event "DEM U10 2019"]
[Site "Willingen GER"]
[Date "2019.06.09"]
[Round "2"]
[White "Guo, Jacob Tingshen"]
[Black "Goldmann, David"]
[Result "1/2-1/2"]
[Termination "normal"]
[Board "19"]
[WhiteElo "1420"]
[BlackElo "1477"]
[PlyCount "58"]
[WhiteFideId "16245245"]
[BlackFideId "16268920"]
[EventCountry "GER"]
[EventRounds "11"]
[EventType "swiss"]
[EventDate "2019.06.08"]

1. d4 d5 2. c4 e6 3. Nc3 Bb4 4. Nf3 Bxc3+ 5. bxc3 Bd7 6. cxd5 exd5 7. Bg5 Ne7
8. e3 O-O 9. Bd3 h6 10. Bh4 Qe8 11. O-O Nf5 12. Bxf5 Bxf5 13. Bg3 Qd8 14. Qb3
b6 15. c4 Be4 16. Nd2 Nc6 17. Nxe4 dxe4 18. Qc2 f5 19. c5 Ne7 20. h3 Ng6 21. f4
Kh7 22. Rac1 Rg8 23. Qb3 Ne7 24. Kh1 Qd5 25. Qxd5 Nxd5 26. Rfe1 Nb4 27. Re2 Nd3
28. Rc3 g5 29. fxg5 hxg5 1/2-1/2

[Event "DEM U10 2019"]
[Site "Willingen GER"]
[Date "2019.06.09"]
[Round "2"]
[White "Malinowsky, Levi"]
[Black "Buchinger, Alexis"]
[Result "1-0"]
[Termination "normal"]
[Board "20"]
[WhiteElo "1400"]
[BlackElo "1291"]
[PlyCount "125"]
[WhiteFideId "16253094"]
[BlackFideId "16287134"]
[EventCountry "GER"]
[EventRounds "11"]
[EventType "swiss"]
[EventDate "2019.06.08"]

1. e4 e5 2. Nf3 Nf6 3. Nxe5 Qe7 4. d4 d6 5. Nf3 Nxe4 6. Be2 Bg4 7. O-O Nd7 8.
h3 Bh5 9. Re1 O-O-O 10. Bd3 f5 11. Nc3 Ndf6 12. Bg5 Nxc3 13. Bxf5+ Kb8 14. bxc3
Qf7 15. d5 h6 16. Be6 Qg6 17. Be3 Ne4 18. Bd4 Nd2 19. g4 Nxf3+ 20. Qxf3 Be7 21.
Bf5 Qf7 22. gxh5 Bg5 23. Qg4 Qxd5 24. Be4 Qf7 25. Rab1 b6 26. Bf3 Rhf8 27. Kg2
Qf4 28. Qxf4 Rxf4 29. Re4 Rf5 30. Rbe1 Rff8 31. h4 Bf4 32. Bxg7 Rf7 33. Bd4 c5
34. Be3 Rg8+ 35. Kf1 Be5 36. Rxe5 dxe5 37. Bd5 Rfg7 38. Bxg8 Rxg8 39. Bxh6 Rh8
40. Bg5 Rxh5 41. Rxe5 Kb7 42. f4 Kc6 43. Re6+ Kd5 44. Rh6 Rxh6 45. Bxh6 a5 46.
Bg7 a4 47. h5 Ke6 48. h6 Kf7 49. f5 b5 50. f6 Kg8 51. Kf2 b4 52. cxb4 cxb4 53.
Kg3 b3 54. cxb3 axb3 55. axb3 Kf7 56. h7 Kg6 57. h8=Q Kg5 58. f7 Kf5 59. f8=R+
Ke4 60. Qh4+ Kd5 61. Rf5+ Ke6 62. Qe4+ Kd7 63. Rd5+ 1-0

[Event "DEM U10 2019"]
[Site "Willingen GER"]
[Date "2019.06.09"]
[Round "2"]
[White "Theviot, Luca"]
[Black "Fruth, David"]
[Result "0-1"]
[Termination "normal"]
[Board "21"]
[WhiteElo "1276"]
[BlackElo "1423"]
[PlyCount "102"]
[WhiteFideId "16277449"]
[BlackFideId "16257596"]
[EventCountry "GER"]
[EventRounds "11"]
[EventType "swiss"]
[EventDate "2019.06.08"]

1. c4 Nf6 2. g3 g6 3. Bg2 Bg7 4. Nc3 O-O 5. e4 d6 6. Nge2 Nc6 7. d3 Ne5 8. f4
Nc6 9. O-O Bg4 10. h3 Bxe2 11. Qxe2 Nd4 12. Qf2 e5 13. f5 c6 14. Be3 c5 15. g4
Nd7 16. g5 f6 17. Qd2 Nb6 18. Rf2 Qd7 19. Raf1 fxg5 20. f6 Bh8 21. f7+ Kg7 22.
Bxg5 h5 23. Bh6+ Kh7 24. Bxf8 Rxf8 25. Nd5 Nxd5 26. cxd5 Bg7 27. Qg5 Bh6 28.
Qg3 Kg7 29. Kh2 Bf4 30. Rxf4 exf4 31. Qxf4 Rxf7 32. Qxf7+ Qxf7 33. Rxf7+ Kxf7
34. Kg3 Kf6 35. Kf4 g5+ 36. Ke3 Ke5 37. Bf3 Nxf3 38. Kxf3 Kd4 39. Ke2 g4 40.
hxg4 hxg4 41. Kf2 c4 42. dxc4 Kxe4 43. c5 Kxd5 44. cxd6 Kxd6 45. Kg3 Ke5 46.
Kxg4 Ke4 47. Kg5 Kd3 48. Kf5 Kc2 49. b4 Kc3 50. b5 Kc4 51. a4 Kb4 0-1

[Event "DEM U10 2019"]
[Site "Willingen GER"]
[Date "2019.06.09"]
[Round "2"]
[White "Schlange, Jonathan"]
[Black "Huang, Luca Hanson"]
[Result "0-1"]
[Termination "normal"]
[Board "22"]
[WhiteElo "1488"]
[BlackElo "1261"]
[PlyCount "62"]
[WhiteFideId "16287240"]
[BlackFideId "16279182"]
[EventCountry "GER"]
[EventRounds "11"]
[EventType "swiss"]
[EventDate "2019.06.08"]

1. e4 c5 2. Nf3 e6 3. d4 cxd4 4. Nxd4 Qc7 5. Nc3 a6 6. Be3 Nf6 7. g3 Bb4 8. Qd3
Nxe4 9. Bd2 Nxd2 10. Qxd2 Nc6 11. Bg2 Qe5+ 12. Nde2 d5 13. O-O O-O 14. Rad1 Rd8
15. a3 Bxc3 16. Nxc3 b5 17. Rfe1 Qf6 18. Re3 Bb7 19. Rd3 Ne5 20. Ne4 Qe7 21.
Rd4 Nc4 22. Qc3 dxe4 23. Qb3 Rxd4 24. Rxd4 e5 25. Rd1 Rd8 26. Rxd8+ Qxd8 27. a4
Qd1+ 28. Bf1 Nd2 29. Qxf7+ Kxf7 30. h4 Qxf1+ 31. Kh2 Nf3# 0-1

[Event "DEM U10 2019"]
[Site "Willingen GER"]
[Date "2019.06.09"]
[Round "2"]
[White "Middendorf, Sven-Jonas"]
[Black "Kuhlmann, Nils Magnus"]
[Result "1-0"]
[Termination "normal"]
[Board "23"]
[WhiteElo "1452"]
[BlackElo "1227"]
[PlyCount "99"]
[WhiteFideId "16287207"]
[BlackFideId "16287177"]
[EventCountry "GER"]
[EventRounds "11"]
[EventType "swiss"]
[EventDate "2019.06.08"]

1. e4 c5 2. Nf3 d6 3. d4 cxd4 4. Nxd4 Nf6 5. Nc3 g6 6. Be3 Bg7 7. Be2 O-O 8.
O-O Nc6 9. Nxc6 bxc6 10. Re1 Bb7 11. f3 Qc7 12. Qd2 c5 13. Nb5 Qc6 14. Nc3 Rfd8
15. Bb5 Qc7 16. Rad1 a6 17. Be2 Rab8 18. Qc1 a5 19. Bc4 Bc6 20. b3 Nd7 21. Nd5
Bxd5 22. exd5 Ne5 23. Bf1 c4 24. f4 Ng4 25. Bxc4 Nxe3 26. Qxe3 Re8 27. Qh3 a4
28. Re3 Qc5 29. Kh1 Bh6 30. Rf3 Bg7 31. f5 axb3 32. axb3 Ra8 33. fxg6 fxg6 34.
Qe6+ Kh8 35. Rh3 Qd4 36. Qe2 Rf8 37. Rf3 Qb2 38. h3 Be5 39. Rxf8+ Rxf8 40. Rf1
Rxf1+ 41. Qxf1 Kg7 42. Qd1 Kh6 43. Qd2+ g5 44. g4 Qb1+ 45. Kg2 Bf4 46. Qe2 Be5
47. Bd3 Qb2 48. Qe4 Kg7 49. Qxh7+ Kf6 50. Qg6# 1-0